Hazard communication issues and implementation (Record no. 574619)

000 -LEADER
fixed length control field 00636nam a22001817a 4500
003 - CONTROL NUMBER IDENTIFIER
control field CEME
005 - DATE AND TIME OF LATEST TRANSACTION
control field 20210628203640.0
008 - FIXED-LENGTH DATA ELEMENTS--GENERAL INFORMATION
fixed length control field 210203b xxu||||| |||| 00| 0 eng d
020 ## - INTERNATIONAL STANDARD BOOK NUMBER
International Standard Book Number 0-8031-0933-4
040 ## - CATALOGING SOURCE
Transcribing agency .
082 ## - DEWEY DECIMAL CLASSIFICATION NUMBER
Classification number 601.4 HAZ
100 ## - MAIN ENTRY--PERSONAL NAME
Personal name Brower, James E
9 (RLIN) 66691
245 ## - TITLE STATEMENT
Title Hazard communication issues and implementation
260 ## - PUBLICATION, DISTRIBUTION, ETC.
Place of publication, distribution, etc. NEW YORK
Name of publisher, distributor, etc. ASTM
Date of publication, distribution, etc. 1986
300 ## - PHYSICAL DESCRIPTION
Extent 231P
650 ## - SUBJECT ADDED ENTRY--TOPICAL TERM
Topical term or geographic name entry element INDUSTREAL HYGIENE LAW AND LEGISLATION US CONGRESSES, HAZARDOUS SUBSTANCES LAW AND LEGISLATION US CONGRESSES, INDUSTRIAL SAFETY LAW AND LEGISLATION US CONGRESSES, HAZARDOUS SUBSTANCE US CONGRESSES,
9 (RLIN) 66692
942 ## - ADDED ENTRY ELEMENTS (KOHA)
Koha item type Book
Source of classification or shelving scheme
Holdings
Withdrawn status Lost status Source of classification or shelving scheme Damaged status Not for loan Permanent Location Current Location Shelving location Date acquired Full call number Barcode Date last seen Price effective from Koha item type Public note
          College of Electrical & Mechanical Engineering (CEME) College of Electrical & Mechanical Engineering (CEME) General Stacks 07/31/2017 601.4 HAZ CEME-37378 06/28/2021 06/28/2021 Book 3.8
© 2023 Central Library, National University of Sciences and Technology. All Rights Reserved.